The world of Wade (Record no. 283)

MARC details
000 -CABECERA
campo de control de longitud fija 00833nam a2200253 a 4500
001 - NÚMERO DE CONTROL
campo de control BRCA_346
005 - FECHA Y HORA DE LA ÚLTIMA TRANSACCIÓN
campo de control 20190320202953.0
008 - DATOS DE LONGITUD FIJA--INFORMACIÓN GENERAL
campo de control de longitud fija 881031s1988----ohua---##c---#001-0#eng-#
020 ## - NÚMERO INTERNACIONAL ESTÁNDAR DEL LIBRO
Número Internacional Estándar del Libro 0915410508
020 ## - NÚMERO INTERNACIONAL ESTÁNDAR DEL LIBRO
Número Internacional Estándar del Libro 0915410516
040 ## - FUENTE DE LA CATALOGACIÓN
Centro catalogador/agencia de origen DLC
Centro/agencia transcriptor DLC
Centro/agencia modificador DLC
050 #4 - SIGNATURA TOPOGRÁFICA DE LA BIBLIOTECA DEL CONGRESO
Número de clasificación NK4210.W2
Número de documento/Ítem .W37 1988
100 1# - ENTRADA PRINCIPAL--NOMBRE DE PERSONA
Nombre de persona Warner, Ian
9 (RLIN) 1150
245 10 - MENCIÓN DE TÍTULO
Título The world of Wade
Resto del título collectable porcelain and pottery
Mención de responsabilidad, etc. by Ian Warner, Mike Posgay.
260 ## - PUBLICACIÓN, DISTRIBUCIÓN, ETC.
Lugar de publicación, distribución, etc. Marietta, Ohio
Nombre del editor, distribuidor, etc. Antique Publications
Fecha de publicación, distribución, etc. 1988
300 ## - DESCRIPCIÓN FÍSICA
Extensión 188 p.
Otras características físicas il. (algunas a color)
Dimensiones 28 cm.
500 ## - NOTA GENERAL
Nota general Incluye índice alfabético
500 ## - NOTA GENERAL
Nota general Donación Consejo Británico
610 24 - PUNTO DE ACCESO ADICIONAL DE MATERIA--NOMBRE DE ENTIDAD CORPORATIVA
Nombre de entidad corporativa o nombre de jurisdicción como elemento de entrada Wade
Subdivisión de forma Catálogos
Subdivisión general Ceramistas
9 (RLIN) 1151
650 14 - PUNTO DE ACCESO ADICIONAL DE MATERIA--TÉRMINO DE MATERIA
Término de materia o nombre geográfico como elemento de entrada Porcelana británica
Subdivisión de forma Catálogos
Subdivisión general Coleccionistas y colecciones
Subdivisión cronológica Siglo XX
9 (RLIN) 1152
700 1# - PUNTO DE ACCESO ADICIONAL--NOMBRE DE PERSONA
Nombre de persona Posgay, Mike
9 (RLIN) 1153
902 ## - CATALOGADOR
Iniciales DCB
942 ## - ELEMENTOS DE PUNTO DE ACCESO ADICIONAL (KOHA)
Fuente del sistema de clasificación o colocación Library of Congress Classification
Tipo de ítem Koha Libros
Holdings
Estado de retiro Estado de pérdida Estado dañado No para préstamo Localización permanente Ubicación/localización actual Fecha de adquisición Total de préstamos Signatura topográfica completa Código de barras Fecha visto por última vez Precio válido a partir de Tipo de ítem Koha
El ejemplar forma parte de la colección y puede ser consultado según las políticas vigentes.       Biblioteca del Museo Franz Mayer (Rogerio Casas-Alatriste) Biblioteca del Museo Franz Mayer (Rogerio Casas-Alatriste) 25/06/2008   NK4210.W2 .W37 1988 DCB00032 22/03/2019 22/03/2019 Libros